[Event "World Youth Girl U16 2016"]
[Site "Khanty-Mansiysk RUS"]
[Date "2016.09.23"]
[Round "2.1"]
[White "Hrescak, Ivana"]
[Black "Martynkova, Olena"]
[Result "1-0"]
[WhiteTitle "WFM"]
[BlackTitle "WFM"]
[WhiteElo "1957"]
[BlackElo "2287"]
[WhiteFideId "14613441"]
[BlackFideId "14134039"]
[EventDate "2016.09.22"]

1. d4 Nf6 2. c4 g6 3. Nc3 Bg7 4. e4 d6 5. Nf3 O-O 6. h3 e5 7. d5 a5 8. g4 Na6 9.
Be3 Nd7 10. a3 Nac5 11. Rg1 Kh8 12. Qc2 Qe7 13. O-O-O a4 14. Nd2 b6 15. Be2 Bb7
16. h4 c6 17. g5 cxd5 18. exd5 Rfc8 19. Kb1 Ba6 20. h5 Kg8 21. Rde1 Rc7 22. Nce4
Nxe4 23. Qxe4 Nc5 24. Bxc5 Rxc5 25. Qh4 Rc7 26. Bd3 Bh8 27. f4 Qf8 28. f5 e4 29.
Qxe4 gxf5 30. Qxf5 Qg7 31. Qf6 b5 32. h6 Qg6 33. Qf3 Qxd3+ 34. Qxd3 bxc4 35. Qe4
Rcc8 36. g6 hxg6 37. Rxg6+ fxg6 38. Qxg6+ Kf8 39. Qf5+ 1-0

[Event "World Youth Girl U16 2016"]
[Site "Khanty-Mansiysk RUS"]
[Date "2016.09.23"]
[Round "2.3"]
[White "Kazarian, Anna-Maja"]
[Black "Khristenko, Anna"]
[Result "1-0"]
[WhiteTitle "FM"]
[WhiteElo "2231"]
[BlackElo "1938"]
[WhiteFideId "1033689"]
[BlackFideId "24173886"]
[EventDate "2016.09.22"]

1. e4 c5 2. Nf3 e6 3. d4 cxd4 4. Nxd4 a6 5. Bd3 Nf6 6. O-O Qc7 7. Qe2 d6 8. f4
Nbd7 9. c4 b6 10. Nc3 Bb7 11. Kh1 Be7 12. Bd2 O-O 13. f5 e5 14. Nf3 Nc5 15. Bc2
Rac8 16. b4 Ncd7 17. Bd3 Qb8 18. Rg1 Nh5 19. g4 Nf4 20. Bxf4 exf4 21. g5 Rfe8
22. f6 Bf8 23. Nd5 Bxd5 24. cxd5 b5 25. Rg4 Nb6 26. e5 g6 27. Bxg6 hxg6 28. Rh4
Rxe5 29. Qg2 Rxg5 30. Nxg5 Qb7 31. Rh8+ 1-0

[Event "World Youth Girl U16 2016"]
[Site "Khanty-Mansiysk RUS"]
[Date "2016.09.23"]
[Round "2.4"]
[White "Gundogan, Sinem Cagla"]
[Black "Kiolbasa, Oliwia"]
[Result "1/2-1/2"]
[WhiteTitle "WCM"]
[BlackTitle "WIM"]
[WhiteElo "1933"]
[BlackElo "2196"]
[WhiteFideId "6325378"]
[BlackFideId "1154613"]
[EventDate "2016.09.22"]

1. e4 c5 2. Nc3 Nc6 3. g3 g6 4. Bg2 Bg7 5. d3 d6 6. Be3 e5 7. Nh3 Nge7 8. O-O
O-O 9. f4 Nd4 10. Kh1 Rb8 11. Nd5 Nxd5 12. exd5 Nf5 13. Bc1 exf4 14. Nxf4 b5 15.
a3 a5 16. c3 b4 17. axb4 axb4 18. Bd2 Re8 19. Re1 Rxe1+ 20. Qxe1 bxc3 21. bxc3
h5 22. Nh3 Bd7 23. Ra7 Qe8 24. Qc1 Ra8 25. Rxa8 Qxa8 26. Ng5 Qa2 27. Ne4 Be5 28.
Bf4 Bxf4 29. Qxf4 Kg7 30. h3 h4 31. g4 Ng3+ 32. Nxg3 hxg3 33. Qxg3 Qa1+ 34. Kh2
Qxc3 35. Qxd6 Bb5 36. Qe7 Qxd3 37. Qxc5 Bc4 38. Qe7 Qd2 39. Qe5+ Kh7 40. Qe4 Bf1
41. Qf3 Bxg2 42. Qxg2 Qf4+ 43. Kg1 Qd4+ 44. Kf1 Qd1+ 45. Kf2 Qd2+ 46. Kg3 Qe1+
47. Kf4 Qc1+ 48. Ke5 Qc3+ 49. Kd6 Qb4+ 50. Kd7 Qb7+ 51. Kd6 Qb4+ 52. Kc6 Qa4+
53. Kd6 1/2-1/2

[Event "World Youth Girl U16 2016"]
[Site "Khanty-Mansiysk RUS"]
[Date "2016.09.23"]
[Round "2.5"]
[White "Di Benedetto, Desiree"]
[Black "Jie, Tianhui"]
[Result "1/2-1/2"]
[WhiteTitle "WFM"]
[WhiteElo "2183"]
[BlackElo "1914"]
[WhiteFideId "875813"]
[BlackFideId "30908566"]
[EventDate "2016.09.22"]

1. Nf3 Nf6 2. c4 c5 3. Nc3 b6 4. g3 Bb7 5. Bg2 e6 6. O-O Be7 7. d4 cxd4 8. Qxd4
d6 9. Bg5 a6 10. Rfd1 Nbd7 11. Rac1 Rc8 12. b3 O-O 13. Qd2 h6 14. Bxf6 Nxf6 15.
Ne1 Bxg2 16. Nxg2 Qc7 17. e4 Rfd8 18. Ne3 Qb7 19. Qd3 Nd7 20. Qe2 Nc5 21. f3 Qa8
22. h3 Qb8 23. Kh2 h5 24. b4 Nd7 25. h4 Nf6 26. a3 Qb7 27. Qd3 Rd7 28. Ne2 Rdc7
29. Rc2 Nd7 30. Nd4 Ne5 31. Qe2 Nd7 32. Kg2 Bf6 33. Nb3 Be7 34. Rdc1 Ne5 35. Nd2
Bf6 36. f4 Nc6 37. Qxh5 Nd4 38. Ra2 b5 39. Kh3 bxc4 40. Rxc4 Qb5 41. Qxb5 axb5
42. Rxc7 Rxc7 43. Ng4 Be7 44. Kg2 Ra7 45. Nb1 f5 46. exf5 Nxf5 47. Nc3 Nd4 48.
Kf2 Rc7 49. Nb1 Rc1 50. Nd2 Rc8 51. Ne3 d5 52. Nd1 Rc1 53. Ne3 Rc8 1/2-1/2

[Event "World Youth Girl U16 2016"]
[Site "Khanty-Mansiysk RUS"]
[Date "2016.09.23"]
[Round "2.6"]
[White "Prakapuk, Vera"]
[Black "Aakanksha, Hagawane"]
[Result "0-1"]
[WhiteElo "1908"]
[BlackElo "2183"]
[WhiteFideId "13507052"]
[BlackFideId "25014510"]
[EventDate "2016.09.22"]

1. e4 e5 2. Nf3 Nc6 3. Bb5 a6 4. Ba4 Nf6 5. O-O b5 6. Bb3 Bc5 7. a4 Rb8 8. axb5
axb5 9. Nxe5 Nxe5 10. d4 Bxd4 11. Qxd4 d6 12. f4 c5 13. Qe3 Neg4 14. Qe2 c4 15.
e5 dxe5 16. fxe5 Qd4+ 17. Kh1 Ne4 18. Be3 Nxe3 19. c3 Nxf1 20. cxd4 Nfg3+ 21.
hxg3 Nxg3+ 22. Kh2 Nxe2 0-1

[Event "World Youth Girl U16 2016"]
[Site "Khanty-Mansiysk RUS"]
[Date "2016.09.23"]
[Round "2.7"]
[White "Vazquez Maccarini, Danitza"]
[Black "Hamedi Nia, Vesal"]
[Result "1-0"]
[WhiteTitle "WIM"]
[WhiteElo "2142"]
[BlackElo "1904"]
[WhiteFideId "3101193"]
[BlackFideId "12542253"]
[EventDate "2016.09.22"]

1. e4 c5 2. Nf3 e6 3. d4 cxd4 4. Nxd4 a6 5. Bd3 Qc7 6. O-O Nf6 7. Qe2 Be7 8. e5
Nd5 9. c4 Nb4 10. Bf4 Nxd3 11. Qxd3 O-O 12. Nd2 Nc6 13. Nxc6 Qxc6 14. Rfe1 b6
15. Qg3 f6 16. Ne4 fxe5 17. Bxe5 Rf7 18. Bd6 Bf6 19. Be5 Be7 20. b3 d5 21. cxd5
exd5 22. Rac1 Qh6 23. Nd6 Bxd6 24. Bxd6 Bd7 25. Ba3 Qd2 26. Qe3 Qa5 27. Bd6 Rf6
28. b4 Qb5 29. Be5 Rg6 30. Qd4 Rg4 31. Qd2 Re8 32. a3 h6 33. h3 Rg6 34. Kh2 Bf5
35. Re3 Be4 36. Bg3 Rge6 37. Qd4 R6e7 38. Bd6 Rd7 39. Bg3 Rde7 40. Bd6 Rd7 41.
Rg3 Rf7 42. Rc7 g6 43. a4 Qxa4 44. Qxb6 Qb5 45. Qa7 Rxc7 46. Qxc7 d4 47. Bf4
Qxb4 48. Bxh6 Qe7 49. Qc4+ Kh7 50. Bg5 Qa7 51. Rg4 Kg7 52. Rf4 Bf5 53. Rxd4 Rc8
54. Qa4 Qc7+ 55. Bf4 Qc5 56. Bd6 Qc6 57. Be5+ Kg8 58. Qa1 Qc5 59. Qa2+ Kf8 60.
Bd6+ 1-0

[Event "World Youth Girl U16 2016"]
[Site "Khanty-Mansiysk RUS"]
[Date "2016.09.23"]
[Round "2.8"]
[White "Monroy G., Nataly A."]
[Black "Simakova, Elena"]
[Result "0-1"]
[WhiteTitle "WIM"]
[WhiteElo "2105"]
[BlackElo "1860"]
[WhiteFideId "3304019"]
[BlackFideId "34142166"]
[EventDate "2016.09.22"]

1. d4 Nf6 2. c4 e6 3. Nf3 d5 4. g3 dxc4 5. Bg2 a6 6. Ne5 c5 7. Nxc4 cxd4 8. O-O
Bc5 9. b4 Ba7 10. Bf4 O-O 11. Nba3 Nd5 12. Bd6 Re8 13. b5 Nd7 14. bxa6 bxa6 15.
Re1 Bb7 16. Qb3 N7b6 17. Be5 Nxc4 18. Nxc4 Bc6 19. Rad1 Ne7 20. Nd6 Rf8 21. Bxd4
Bxg2 22. Bxa7 Bd5 23. Qb6 Qd7 24. e4 Rxa7 25. exd5 Nxd5 26. Qc5 Rc7 27. Qa3 Rc3
28. Qa5 Qc6 29. Ne4 Rc2 30. Qa3 Rc8 31. Qf3 h6 32. Qh5 Rxa2 33. Qe5 Rc2 34. g4
Qc7 35. Qd4 Qf4 36. h3 R8c4 37. Qd3 R4c3 38. Nxc3 Qxf2+ 0-1

[Event "World Youth Girl U16 2016"]
[Site "Khanty-Mansiysk RUS"]
[Date "2016.09.23"]
[Round "2.9"]
[White "Yakubbaeva, Nilufar"]
[Black "Sliwicka, Alicja"]
[Result "1-0"]
[BlackTitle "WFM"]
[WhiteElo "1896"]
[BlackElo "2092"]
[WhiteFideId "14204487"]
[BlackFideId "1150677"]
[EventDate "2016.09.22"]

1. d4 d5 2. Bf4 Nf6 3. e3 e6 4. Nf3 c5 5. c3 Nc6 6. Bd3 Bd6 7. Bg3 O-O 8. Nbd2
Qe7 9. Ne5 Nd7 10. f4 f6 11. Nxd7 Bxd7 12. O-O e5 13. fxe5 fxe5 14. Qh5 g6 15.
Bxg6 hxg6 16. Qxg6+ Kh8 17. Qh6+ Kg8 18. Bh4 Qe6 19. Bf6 Kf7 20. Qh5+ 1-0

[Event "World Youth Girl U16 2016"]
[Site "Khanty-Mansiysk RUS"]
[Date "2016.09.23"]
[Round "2.10"]
[White "Blazeka, Mihaela"]
[Black "Kochukova, Anna"]
[Result "0-1"]
[BlackTitle "WFM"]
[WhiteElo "1868"]
[BlackElo "2073"]
[WhiteFideId "14528576"]
[BlackFideId "24173932"]
[EventDate "2016.09.22"]

1. d4 Nf6 2. c4 e6 3. Nf3 b6 4. g3 Bb7 5. Bg2 Be7 6. O-O d5 7. cxd5 exd5 8. Nc3
O-O 9. Bf4 Na6 10. Rc1 c5 11. dxc5 Nxc5 12. Nb5 a6 13. Nbd4 Bd6 14. b4 Ne6 15.
Nxe6 fxe6 16. Bh3 Re8 17. Ne5 Nh5 18. Qd2 Nxf4 19. Qxf4 Qe7 20. Qd4 Rac8 21. Nd3
Qd8 22. f4 Kh8 23. a3 Re7 24. Rfd1 Kg8 25. Rxc8 Bxc8 26. e4 Bb7 27. e5 Bc7 28.
g4 Qe8 29. Kh1 Qa4 30. Rg1 Qxa3 31. f5 Bxe5 32. Qxe5 Qxd3 33. Qb8+ Kf7 34. fxe6+
Kg6 35. Bg2 Qe3 36. h4 Qxe6 37. Bf3 Qe5 38. Qd8 Qc7 39. Qf8 Rf7 40. Qe8 Qe7 41.
h5+ Kg5 0-1

[Event "World Youth Girl U16 2016"]
[Site "Khanty-Mansiysk RUS"]
[Date "2016.09.23"]
[Round "2.11"]
[White "Broly, Mathilde"]
[Black "Nguyen, Hong Ngoc"]
[Result "1-0"]
[WhiteElo "2046"]
[BlackElo "1807"]
[WhiteFideId "20682794"]
[BlackFideId "12403083"]
[EventDate "2016.09.22"]

1. e4 Nf6 2. e5 Nd5 3. d4 d6 4. c4 Nb6 5. exd6 cxd6 6. Nc3 g6 7. Be3 Bg7 8. Rc1
Nc6 9. b3 O-O 10. d5 Ne5 11. Be2 f5 12. f4 Nf7 13. Nf3 e5 14. dxe6 Bxe6 15. O-O
Re8 16. Bd4 Nd7 17. Bxg7 Kxg7 18. Nd4 Qa5 19. Bf3 Nc5 20. Bd5 Re7 21. Qf3 Qb6
22. Kh1 Bd7 23. Nc2 a5 24. Rfe1 Rae8 25. Rxe7 Rxe7 26. Bxf7 Rxf7 27. Nd5 Qd8 28.
Qc3+ Kg8 29. Nce3 Ne4 30. Qd4 Qh4 31. Nf1 Bc6 32. Qe3 h6 33. g3 Qh3 34. Nd2 Nf6
35. Qe6 Qh5 36. Kg1 Ng4 37. Nf3 Kg7 38. Re1 Nf6 39. Nd4 Ne4 40. Qc8 Bxd5 41.
cxd5 Nf6 42. Qd8 Nxd5 43. Qxd6 Nf6 44. Ne6+ Kg8 45. Nd8 Rf8 46. Kg2 g5 47. Re7
Ne4 48. Qd5+ Kh8 49. Qd4+ Rf6 50. Rxe4 fxe4 51. Qxf6+ Kg8 52. Qe6+ Kf8 53. Qxe4
gxf4 54. Ne6+ Kf7 55. Nxf4 Qb5 56. Qg6+ Ke7 57. Qxh6 a4 58. Qe6+ Kf8 59. Qc4 1-0

[Event "World Youth Girl U16 2016"]
[Site "Khanty-Mansiysk RUS"]
[Date "2016.09.23"]
[Round "2.12"]
[White "Kopcova, Ludmila"]
[Black "Sakorenko, Adriana"]
[Result "1/2-1/2"]
[WhiteElo "1798"]
[BlackElo "2007"]
[WhiteFideId "363774"]
[BlackFideId "34130249"]
[EventDate "2016.09.22"]

1. d4 Nf6 2. c4 e6 3. Nc3 Bb4 4. a3 Bxc3+ 5. bxc3 c5 6. e3 b6 7. Bd3 O-O 8. Ne2
Nc6 9. e4 d6 10. Bg5 h6 11. Bh4 e5 12. d5 Na5 13. Bxf6 Qxf6 14. Ng3 Qg5 15. O-O
g6 16. Re1 h5 17. Ra2 Bd7 18. Nf1 Rae8 19. Qc1 Qxc1 20. Rxc1 Kg7 21. Re2 Bc8 22.
Nd2 Bg4 23. f3 Bc8 24. Rf1 f5 25. g3 f4 26. Kg2 g5 27. Rh1 g4 28. Rf2 Rf6 29.
Rhf1 Ref8 30. Be2 Kg6 31. Bd3 Kh6 32. Be2 fxg3 33. hxg3 gxf3+ 34. Rxf3 Rxf3 35.
Rxf3 Rxf3 36. Kxf3 Bg4+ 37. Kf2 Bxe2 38. Kxe2 Kg5 39. Kf3 h4 40. gxh4+ Kxh4 41.
Ke3 Kg4 42. Ke2 Kf4 43. Kd3 Nb7 44. Nf1 Nd8 45. Ne3 Nf7 46. Nf5 Kf3 47. Nh4+ Kf4
48. Nf5 a6 49. a4 Kf3 50. Nh4+ Kg4 51. Nf5 Kf4 52. Ne7 Ng5 53. Ng6+ 1/2-1/2

[Event "World Youth Girl U16 2016"]
[Site "Khanty-Mansiysk RUS"]
[Date "2016.09.23"]
[Round "2.13"]
[White "Campos Toledo, Andrea Celeste"]
[Black "Shuvalova, Polina"]
[Result "0-1"]
[BlackTitle "WFM"]
[WhiteElo "1750"]
[BlackElo "2393"]
[WhiteFideId "3826171"]
[BlackFideId "24171760"]
[EventDate "2016.09.22"]

1. e4 e5 2. Nf3 Nc6 3. Bc4 Bc5 4. c3 Nf6 5. d3 d6 6. O-O a6 7. Re1 Ba7 8. Be3
O-O 9. Bxa7 Rxa7 10. b4 Ne7 11. Nbd2 Ng6 12. d4 exd4 13. cxd4 d5 14. Bb3 dxe4
15. Nxe4 Nxe4 16. Rxe4 Bf5 17. Re3 Qd6 18. Qe1 Nf4 19. Ng5 Bg6 20. Rc1 Raa8 21.
Qd2 Rad8 22. Re5 Qxe5 23. dxe5 Rxd2 24. Rxc7 Rfd8 25. g3 Rd1+ 0-1

[Event "World Youth Girl U16 2016"]
[Site "Khanty-Mansiysk RUS"]
[Date "2016.09.23"]
[Round "2.14"]
[White "Amina, Battsooj"]
[Black "Busuioc, Alexandra"]
[Result "1-0"]
[WhiteTitle "FM"]
[WhiteElo "2302"]
[BlackElo "1876"]
[WhiteFideId "4902661"]
[BlackFideId "1635778"]
[EventDate "2016.09.22"]

1. e4 e5 2. Nf3 Nc6 3. Bc4 Bc5 4. O-O Nf6 5. d3 d6 6. c3 Bg4 7. a4 a5 8. Na3 h6
9. Nc2 O-O 10. Ne3 Bh5 11. Nf5 Ne7 12. Ng3 Bg4 13. h3 Be6 14. Bxe6 fxe6 15. Qb3
Qc8 16. d4 exd4 17. cxd4 Bb4 18. Bd2 Bxd2 19. Nxd2 Kh8 20. Rac1 d5 21. Rfe1 Nc6
22. Nf3 Rb8 23. Nh4 Rf7 24. exd5 Nxd5 25. Qd3 Nf4 26. Qe4 Qd7 27. Nf3 Rbf8 28.
Re3 Nd5 29. Rb3 Rf4 30. Qd3 Ndb4 31. Qb5 b6 32. Rxb4 axb4 33. Qxc6 Qxc6 34. Rxc6
Ra8 35. b3 Ra7 36. Rxe6 Kg8 37. Rc6 Kf8 38. Kf1 Ke8 39. Ke2 Rf7 40. Ne5 Re7 41.
Nf5 Rxe5+ 42. dxe5 Kd7 43. Rg6 Ra5 44. e6+ Kd8 45. e7+ Kd7 46. g4 Re5+ 47. Kd3
Rd5+ 48. Ke4 Rd2 49. Ke3 Rb2 50. Re6 Rxb3+ 51. Ke4 Kc8 52. e8=Q+ Kb7 53. Qc6+
Kc8 54. Re8# 1-0

[Event "World Youth Girl U16 2016"]
[Site "Khanty-Mansiysk RUS"]
[Date "2016.09.23"]
[Round "2.15"]
[White "Sieber, Fiona"]
[Black "Tomcikova, Zuzana"]
[Result "1-0"]
[WhiteTitle "WFM"]
[WhiteElo "2268"]
[BlackElo "1621"]
[WhiteFideId "12902373"]
[BlackFideId "14939126"]
[EventDate "2016.09.22"]

1. e4 c6 2. d4 d5 3. e5 Bf5 4. Nf3 e6 5. Be2 Nd7 6. O-O Bg6 7. c4 dxc4 8. Bxc4
Ne7 9. Nc3 Nb6 10. Be2 Ned5 11. Be3 Be7 12. Qd2 O-O 13. Bg5 Bxg5 14. Nxg5 Qe7
15. Nge4 Bxe4 16. Nxe4 Rfd8 17. Rad1 Qc7 18. Qg5 h6 19. Qg4 Kh8 20. Bd3 Qe7 21.
Rfe1 Rg8 22. h4 f5 23. exf6 gxf6 24. Qf3 e5 25. Ng3 Rae8 26. Nf5 Qf8 27. g3 Nf4
28. Bc2 Nbd5 29. Kh2 Ng6 30. Qh5 Kh7 31. Re4 Nde7 32. Rg4 1-0

[Event "World Youth Girl U16 2016"]
[Site "Khanty-Mansiysk RUS"]
[Date "2016.09.23"]
[Round "2.16"]
[White "Bauyrzhan, Arnash"]
[Black "Afonasieva, Anna"]
[Result "0-1"]
[BlackTitle "WFM"]
[WhiteElo "1904"]
[BlackElo "2132"]
[WhiteFideId "13706322"]
[BlackFideId "24173606"]
[EventDate "2016.09.22"]

1. e4 c6 2. d4 d5 3. e5 c5 4. dxc5 e6 5. Be3 Qc7 6. Nf3 Bxc5 7. Bb5+ Bd7 8. Bxc5
Qxc5 9. Bxd7+ Nxd7 10. O-O Ne7 11. Nbd2 O-O 12. Nb3 Qc7 13. Re1 a6 14. Rc1 b5
15. Nbd4 Rac8 16. Qd2 Ng6 17. Qg5 Nc5 18. Nd2 Na4 19. h4 Qd8 20. Qxd8 Rfxd8 21.
h5 Nf4 22. b3 Nc3 23. g4 Nxa2 24. Ra1 Nb4 25. Rec1 Rc7 26. Kh2 Rdc8 27. Kg3 Nfd3
28. Rf1 Nxc2 29. Nxc2 Rxc2 30. Nf3 R2c3 31. Kg2 R8c6 32. Nd4 Rb6 33. f4 b4 34.
Ra5 h6 35. Raa1 Kf8 36. Rf3 Rb8 37. Kf1 Nc5 38. Ke2 Ke8 39. Ra5 Rxf3 40. Kxf3
Rc8 41. Ke3 Kd7 42. Ke2 Rc7 43. Ra1 Kc8 44. g5 Kb7 45. g6 fxg6 46. hxg6 Re7 47.
Rf1 Ne4 48. Rc1 Ng3+ 49. Kd3 Nf5 50. Nxf5 exf5 51. Kd4 Rc7 52. Re1 Kc6 53. Ra1
Ra7 54. Ra5 h5 55. Rc5+ Kd7 56. Rxd5+ Ke7 57. Kc5 Rd7 0-1

[Event "World Youth Girl U16 2016"]
[Site "Khanty-Mansiysk RUS"]
[Date "2016.09.23"]
[Round "2.17"]
[White "Yang, Yijing"]
[Black "Jakab, Kincso"]
[Result "0-1"]
[WhiteTitle "WCM"]
[WhiteElo "1975"]
[BlackElo "1893"]
[WhiteFideId "8608601"]
[BlackFideId "1232002"]
[EventDate "2016.09.22"]

1. d4 d5 2. c4 e6 3. Nc3 c6 4. e3 f5 5. Nf3 Nf6 6. Be2 Bd6 7. O-O O-O 8. c5 Bc7
9. b4 Ne4 10. Qc2 Nd7 11. b5 Rf6 12. g3 Rh6 13. Nxe4 fxe4 14. Ne1 e5 15. Ng2 Nf6
16. Bb2 Qe7 17. Qd1 Bh3 18. a4 Qe6 19. dxe5 Bxg2 0-1

[Event "World Youth Girl U16 2016"]
[Site "Khanty-Mansiysk RUS"]
[Date "2016.09.23"]
[Round "2.18"]
[White "Saumy, Zainab"]
[Black "Tishova, Svetlana"]
[Result "1/2-1/2"]
[WhiteElo "1688"]
[BlackElo "2317"]
[WhiteFideId "9911316"]
[BlackFideId "24173550"]
[EventDate "2016.09.22"]

1. e4 c6 2. d4 d5 3. e5 Bf5 4. Nf3 e6 5. Be2 Ne7 6. O-O c5 7. c4 Nbc6 8. Na3 a6
9. Be3 cxd4 10. Bxd4 Bg4 11. cxd5 Nxd5 12. Nc4 Rc8 13. Ne3 Nxe3 14. Bxe3 Qxd1
15. Rfxd1 Nxe5 16. Nxe5 Bxe2 17. Rac1 Ra8 18. Rd2 Bh5 19. Rc7 Bb4 20. Rdd7 O-O
21. Rxb7 Ba5 22. Nc4 Bd8 23. Bc5 Rc8 24. Bxf8 Rxc4 25. h3 Bf6 26. Bd6 h6 27. g4
Bg6 28. Rbc7 Re4 29. Rc8+ Kh7 30. Kf1 h5 31. b3 1/2-1/2

[Event "World Youth Girl U16 2016"]
[Site "Khanty-Mansiysk RUS"]
[Date "2016.09.23"]
[Round "2.19"]
[White "Oberholzer, Marni"]
[Black "Alinasab, Mobina"]
[Result "0-1"]
[BlackTitle "WFM"]
[WhiteElo "1683"]
[BlackElo "2230"]
[WhiteFideId "14310414"]
[BlackFideId "12528897"]
[EventDate "2016.09.22"]

1. d4 e6 2. c4 Nf6 3. Nf3 b6 4. a3 Bb7 5. Nc3 d5 6. cxd5 Nxd5 7. Qc2 Nxc3 8.
bxc3 Be7 9. e4 O-O 10. Bd3 Nd7 11. O-O Rc8 12. Bb2 c5 13. Qe2 Qc7 14. Nd2 Bg5
15. Rfe1 Bxd2 16. Qxd2 c4 17. Bc2 b5 18. Qg5 e5 19. d5 a5 20. Re3 Nc5 21. Rf1 f6
22. Qh5 Rcd8 23. Rg3 Qf7 24. Qe2 Ba6 25. Qe3 Qc7 26. Bc1 Nb7 27. Qf3 Qc5 28. Qg4
Rf7 29. Bh6 Qe7 30. Bc1 Nd6 31. h4 Bc8 32. Qe2 Re8 33. Re1 f5 34. Rg5 f4 35. g3
h6 36. Rg6 f3 37. Qe3 Kh7 38. h5 Qd7 39. g4 Rf4 40. Qxf4 exf4 41. e5 Kh8 42.
Bxf4 Nf7 43. e6 Qxd5 44. Rd1 Bxe6 45. Rxd5 Bxd5 46. Rb6 Be4 47. Bxe4 Rxe4 48.
Bg3 Ne5 49. Bxe5 Rxe5 50. Kh2 Re2 51. Kg3 Ra2 52. Rxb5 Rxa3 53. Rc5 Rxc3 54.
Rxa5 Kg8 55. Rc5 Kf7 56. Kf4 Ke6 57. Ke4 Kd6 58. Rc8 Ke6 59. Kd4 Rd3+ 60. Ke4
Rc3 61. Kd4 Rc1 62. Re8+ Kf6 63. Re4 Kg5 64. Kd5 c3 65. Rc4 c2 66. Kc5 Re1 67.
Rxc2 Re2 68. Rc4 Rxf2 69. Kd5 Rd2+ 70. Ke4 f2 71. Rc1 Kxg4 72. Ke3 Ra2 73. Rh1
Kg3 0-1

[Event "World Youth Girl U16 2016"]
[Site "Khanty-Mansiysk RUS"]
[Date "2016.09.23"]
[Round "2.20"]
[White "Priyanka, K"]
[Black "Dong, Khanh Linh"]
[Result "1/2-1/2"]
[BlackTitle "WCM"]
[WhiteElo "2205"]
[BlackElo "1671"]
[WhiteFideId "5082986"]
[BlackFideId "12403040"]
[EventDate "2016.09.22"]

1. e4 e6 2. d4 d5 3. Nc3 Nf6 4. Bg5 dxe4 5. Nxe4 Be7 6. Bxf6 gxf6 7. Nf3 b6 8.
Qd3 Bb7 9. O-O-O Nd7 10. Kb1 c6 11. g3 Qc7 12. Bg2 O-O-O 13. Qe2 c5 14. c3 Kb8
15. Rhe1 f5 16. Ned2 Bf6 17. Bh1 cxd4 18. cxd4 Rc8 19. Rc1 Qd6 20. Nc4 Qb4 21.
a3 Qb5 22. Nfe5 Bxh1 23. Rxh1 Bxe5 24. dxe5 Rc5 25. Rc2 Nxe5 26. Nxe5 Rxe5 27.
Qxb5 Rxb5 28. Rhc1 Rd8 29. Rc7 Rd2 30. b4 Rxf2 31. Rxf7 Re5 32. Rd1 Rd5 33. Rxd5
exd5 34. Rxh7 d4 35. Rd7 Rxh2 36. Rxd4 Rh3 37. Rd8+ Kc7 38. Rg8 Kc6 39. Kb2 Kd5
40. Rd8+ Ke4 41. Re8+ Kd4 42. Rd8+ Kc4 43. Rc8+ Kb5 44. Rc3 Ka4 45. Kc2 a5 46.
bxa5 bxa5 47. Kb2 Rh2+ 48. Kb1 Rf2 49. Rd3 Kb5 50. Rc3 f4 51. gxf4 Rxf4 52. Kb2
Rf2+ 53. Rc2 Rf3 54. Rc3 Rf2+ 55. Rc2 Rxc2+ 56. Kxc2 Kc4 57. Kb2 a4 58. Kc2 Kd4
59. Kd2 Kc4 60. Kc2 Kd4 1/2-1/2

[Event "World Youth Girl U16 2016"]
[Site "Khanty-Mansiysk RUS"]
[Date "2016.09.23"]
[Round "2.21"]
[White "Petraki, Argiro"]
[Black "Radeva, Viktoria"]
[Result "0-1"]
[BlackTitle "WFM"]
[WhiteElo "1632"]
[BlackElo "2143"]
[WhiteFideId "4252748"]
[BlackFideId "2915405"]
[EventDate "2016.09.22"]

1. e4 c5 2. Nf3 d6 3. d4 Nf6 4. Nc3 cxd4 5. Nxd4 a6 6. h3 e6 7. g4 Be7 8. Bg2
Nfd7 9. Be3 Nc6 10. Qe2 O-O 11. O-O-O Nxd4 12. Bxd4 Qc7 13. f4 b5 14. Qe1 b4 15.
Ne2 a5 16. Kb1 Ba6 17. g5 Rfc8 18. Rc1 a4 19. c3 b3 20. a3 Bd3+ 21. Ka1 e5 22.
Be3 Qc4 23. Ng3 d5 24. fxe5 Bxa3 25. Rb1 Bxb2+ 26. Rxb2 a3 27. Rf2 b2+ 28. Rxb2
axb2+ 29. Kxb2 Rcb8+ 0-1

[Event "World Youth Girl U16 2016"]
[Site "Khanty-Mansiysk RUS"]
[Date "2016.09.23"]
[Round "2.22"]
[White "Kozybayeva, Alisa"]
[Black "Griciute, Rosita"]
[Result "1-0"]
[WhiteElo "1888"]
[BlackElo "1641"]
[WhiteFideId "13708317"]
[BlackFideId "12811238"]
[EventDate "2016.09.22"]

1. d4 c5 2. d5 Nf6 3. c4 e6 4. Nc3 exd5 5. cxd5 d6 6. e4 g6 7. Bd3 Bg7 8. Nf3
O-O 9. h3 a6 10. a4 b6 11. O-O Re8 12. Bf4 Bb7 13. Nd2 Nh5 14. Bh2 Be5 15. f4
Bg7 16. f5 Be5 17. g4 Qg5 18. Bxe5 dxe5 19. Nc4 Nf4 20. Qf3 Nd7 21. Nd6 Reb8 22.
Ne2 Nxd3 23. Qxd3 f6 24. Nxb7 Rxb7 25. d6 Rbb8 26. Qb3+ Kg7 27. Rad1 Re8 28. Rf3
Rab8 29. Nc3 Ra8 30. Nd5 Rab8 31. Nc7 Nf8 32. Nxe8+ Rxe8 33. d7 Rb8 34. d8=Q
Rxd8 35. Rxd8 Qc1+ 36. Rd1 Qg5 37. fxg6 Nxg6 38. Rf5 Qh6 39. Rh5 Qf4 40. Rd7+ 1-0

[Event "World Youth Girl U16 2016"]
[Site "Khanty-Mansiysk RUS"]
[Date "2016.09.23"]
[Round "2.23"]
[White "Limanovska, Elizabete"]
[Black "Sevilla, Julia"]
[Result "0-1"]
[WhiteElo "1870"]
[BlackElo "1546"]
[WhiteFideId "11603542"]
[BlackFideId "2099730"]
[EventDate "2016.09.22"]

1. e4 c5 2. Nf3 d6 3. Bb5+ Nd7 4. c4 Nf6 5. Nc3 g6 6. O-O Bg7 7. d4 cxd4 8. Nxd4
O-O 9. Bxd7 Bxd7 10. b3 a6 11. Bb2 b5 12. cxb5 axb5 13. Qe2 b4 14. Nd5 Nxd5 15.
exd5 Ra5 16. Rfd1 Rxd5 17. Qc4 Qa8 18. Qxb4 Rg5 19. f3 Bh3 20. Rd2 e5 21. Nc2
Qxf3 22. Ne1 Qe3+ 23. Kh1 d5 24. Nc2 Qa7 25. gxh3 d4 26. Ne1 Qa8+ 27. Ng2 Qf3
28. h4 Rg4 29. Kg1 Bh6 30. Ba3 Ra8 31. Rf1 Be3+ 32. Rdf2 Rxg2+ 0-1

[Event "World Youth Girl U16 2016"]
[Site "Khanty-Mansiysk RUS"]
[Date "2016.09.23"]
[Round "2.24"]
[White "Wijesuriya, G P Y"]
[Black "Cieslak, Wiktoria"]
[Result "0-1"]
[WhiteElo "1588"]
[BlackElo "1869"]
[WhiteFideId "9906959"]
[BlackFideId "1160036"]
[EventDate "2016.09.22"]

1. e4 c5 2. Nc3 Nc6 3. d3 d6 4. Be3 g6 5. Qd2 Bg7 6. g3 Rb8 7. Bg2 b5 8. Nge2 e6
9. d4 b4 10. Nd1 Qb6 11. dxc5 dxc5 12. c3 Ba6 13. f4 Rd8 14. Qc1 Nge7 15. Nf2
O-O 16. Bf3 bxc3 17. bxc3 Qa5 18. Bd2 Rxd2 19. Qxd2 Bxe2 20. Kxe2 Bxc3 21. Qe3
Nd4+ 22. Kf1 Bxa1 23. Kg2 Qxa2 24. Qc1 Qb3 25. Bd1 Qc3 26. Qb1 Nec6 27. Bg4 Bb2
28. Rf1 Qc2 29. Qa2 Bc3 30. Qc4 Bd2 31. Qa6 Be3 32. Bd1 Qd2 33. Ba4 Nb4 34. Qc4
Na2 35. Qxc5 Nc3 36. Qxa7 Nxe4 37. Qb7 Nxf2 38. Bd7 Ng4+ 39. Kh3 Qxh2+ 40. Kxg4
Qh5# 0-1